书目信息 |
| 题名: |
品国学悟人生智慧
|
|
| 作者: | 孙朦 编著 | |
| 分册: | ||
| 出版信息: | 北京 中国纺织出版社 2011 |
|
| 页数: | 303页 | |
| 开本: | 24cm | |
| 丛书名: | ||
| 单 册: | ||
| 中图分类: | B821-49 , Z126-49 | |
| 科图分类: | ||
| 主题词: | 人生哲学--通俗读物 | |
| 电子资源: | ||
| ISBN: | 978-7-5064-7293-7 | |
| 000 | 00772nam0 2200241 45 | |
| 001 | 1256854812 | |
| 005 | 20120626163959.96 | |
| 010 | @a978-7-5064-7293-7@dCNY33.00 | |
| 100 | @a20120626d2011 em y0chiy0110 ea | |
| 101 | 0 | @achi |
| 102 | @aCN@b110000 | |
| 105 | @ay z 000yy | |
| 106 | @ar | |
| 200 | 1 | @a品国学悟人生智慧@APin Guo Xue Wu Ren Sheng Zhi Hui@f孙朦编著@FSun Meng Bian Zhu |
| 210 | @a北京@c中国纺织出版社@d2011 | |
| 215 | @a303页@d24cm | |
| 330 | @a本书是对人生智慧的一次深刻剖析,它从典籍里撷取处世智慧精华,在现实中阐发人生成败智慧。 | |
| 606 | 0 | @a人生哲学@j通俗读物 |
| 690 | @aB821-49@v4 | |
| 690 | @aZ126-49@v4 | |
| 701 | 0 | @a孙朦@ASun Meng@4编著 |
| 801 | 0 | @aCN@b大连网信软件有限公司图书馆·11@c20120626 |
| 905 | @b0819683-86@dB821-49@e471@f4 | |
| 品国学悟人生智慧/孙朦编著.-北京:中国纺织出版社,2011 |
| 303页;24cm |
| ISBN 978-7-5064-7293-7:CNY33.00 |
| 本书是对人生智慧的一次深刻剖析,它从典籍里撷取处世智慧精华,在现实中阐发人生成败智慧。 |
| ● |
| 相关链接 |
|
|
|
|
正题名:品国学悟人生智慧
索取号:B821-49/471
 
预约/预借
| 序号 | 登录号 | 条形码 | 馆藏地/架位号 | 状态 | 备注 |
| 1 | 0819683 | 208196833 | 第一样本阅览室/ [索取号:B821-49/471] | 在馆 | |
| 2 | 0819684 | 208196842 | 第一借阅区/ [索取号:B821-49/471] | 在馆 | |
| 3 | 0819685 | 208196851 | 第一借阅区/ [索取号:B821-49/471] | 在馆 | |
| 4 | 0819686 | 208196860 | 第一借阅区/ [索取号:B821-49/471] | 在馆 |